Visualizzazione normale
Vista MARC
- Sacra Scrittura. Testi originali, versioni, traduzioni antiche e traduzioni moderne
di Genre/Form Term
Records bibliografici associati: 2
001 - CONTROL NUMBER
- control field: 56778
003 - CONTROL NUMBER IDENTIFIER
- control field:
005 - DATE AND TIME OF LATEST TRANSACTION
- control field: 20180120141208.0
008 - FIXED-LENGTH DATA ELEMENTS
- fixed length control field: 180120|| aca||aabn | a|a d
040 ## - CATALOGING SOURCE
- Original cataloging agency:
- Transcribing agency:
155 ## - HEADING--GENRE/FORM TERM
- Genre/form term: Sacra Scrittura. Testi originali, versioni, traduzioni antiche e traduzioni moderne
- General subdivision: Latino.
670 ## - SOURCE DATA FOUND
- Source citation: Work cat.: ()0: Giobbe :, ©2017.